Mixed Word: Baking Cookies Quiz Stats

 Plays Quiz Updated Aug 25, 2016

Challenge
Share
Tweet
Embed
Score 0/14 Timer 02:00
0 Plays Today
Hint Answer % Correct
GEGSEggs
98.9%
RFOULFlour
98.8%
AGRSUSugar
98.7%
ALTSSalt
98.6%
BNOWR GRAUSBrown Sugar
98.2%
STNUNuts
98%
WOBLBowl
96.7%
Hint Answer % Correct
NEOVOven
96.4%
IKNBGA DWEPORBaking Powder
96.3%
KBANGI DASOBaking Soda
96.1%
LOCOTHEAC SHICPChocolate Chips
94.5%
LIVALNA TAXERCTVanilla Extract
93.1%
RUBETTButter
92.9%
IBGAKN THESEBaking Sheet
91%

You're not logged in!

Compare scores with friends on all Sporcle quizzes.
Join for Free
OR
Log In

You Might Also Like...

Show Comments

Extras

Top Quizzes Today


Score Distribution

Your Account Isn't Verified!

In order to create a playlist on Sporcle, you need to verify the email address you used during registration. Go to your Sporcle Settings to finish the process.

Report this User

Report this user for behavior that violates our Community Guidelines.

Details: